|
|
|
|
| LEADER |
06339nam a22005057a 4500 |
| 001 |
34486 |
| 003 |
BD-DhAAL |
| 005 |
20260330130209.0 |
| 008 |
190401t2019 bg ||||| |||| 001 0 ben d |
| 020 |
|
|
|a 9789845063197
|
| 040 |
|
|
|a BD-DhAAL
|c BD-DhAAL
|
| 041 |
|
|
|a ben
|
| 082 |
|
|
|a 954.9205
|2 22
|
| 245 |
|
|
|a গ্রামের একাত্তর /
|c আফসান চৌধুরী সম্পাদিত.
|
| 246 |
|
|
|a Gramer ekattor
|
| 260 |
|
|
|a ঢাকা :
|b ইউনিভার্সিটি প্রেস লিমিটেড,
|c c২০১৯ [দ্বিতীয় মুদ্রণ ২০২২].
|
| 300 |
|
|
|a xiv, ২০৫ পৃষ্ঠা ;
|c ২২ সে. মি.
|
| 500 |
|
|
|a নির্ঘণ্ট অন্তর্ভুক্ত।
|
| 526 |
8 |
|
|a AAL, BIGD, ENH
|x Sabreena Ahmed, PhD
Associate Professor
Department of English and Humanities
BRAC University
Course name and No. : The Modern World ''(HST 102)'' & Comparative Revaluations ''(HST 202)''
|
| 541 |
1 |
|
|a দি ইউনিভার্সিটি প্রেস লিমিটেড, Rokomari.com
Book Finder International
|e 34486, 34487, 34488, 34489, 34490, 34599, 34600, 34601, 34602, 34603, 34604, 34605, 34606, 34607, 34608, 36993, 36994, 45434
|
| 651 |
|
|
|a Bangladesh
|x History
|y Revolution, 1971.
|9 25550
|
| 651 |
|
|
|a বাংলাদেশ
|x ইতিহাস
|y মুক্তিযুদ্ধ, ১৯৭১.
|9 25551
|
| 700 |
1 |
|
|a চৌধুরী, আফসান.
|9 30991
|
| 852 |
1 |
|
|a Ayesha Abed Library
|
| 942 |
|
|
|2 ddc
|c BK
|
| 999 |
|
|
|c 40708
|d 40708
|
| 952 |
|
|
|0 0
|1 0
|2 ddc
|4 0
|6 954_920500000000000_GRA
|7 0
|9 65347
|a BRACUL
|b BRACUL
|c BNC
|d 2019-03-28
|e দি ইউনিভার্সিটি প্রেস লিমিটেড
|g 330.00
|l 2
|m 3
|o 954.9205 GRA
|p 3010034486
|r 2025-01-16
|s 2025-01-02
|t 1
|v 330.00
|w 2019-03-28
|y BK
|
| 952 |
|
|
|0 0
|1 0
|2 ddc
|4 0
|6 954_920500000000000_GRA
|7 0
|9 65348
|a BRACUL
|b BRACUL
|c BNC
|d 2019-03-28
|e দি ইউনিভার্সিটি প্রেস লিমিটেড
|g 330.00
|l 1
|m 13
|o 954.9205 GRA
|p 3010034487
|r 2020-01-26
|s 2019-09-19
|t 2
|v 330.00
|w 2019-03-28
|y BK
|
| 952 |
|
|
|0 0
|1 0
|2 ddc
|4 0
|6 954_920500000000000_GRA
|7 0
|9 65349
|a BRACUL
|b BRACUL
|c BNC
|d 2019-03-28
|e দি ইউনিভার্সিটি প্রেস লিমিটেড
|g 330.00
|l 3
|m 2
|o 954.9205 GRA
|p 3010034488
|r 2025-01-20
|s 2024-12-31
|t 3
|v 330.00
|w 2019-03-28
|y BK
|
| 952 |
|
|
|0 0
|1 0
|2 ddc
|4 0
|6 954_920500000000000_GRA
|7 0
|9 65350
|a BRACUL
|b BRACUL
|c BNC
|d 2019-03-28
|e দি ইউনিভার্সিটি প্রেস লিমিটেড
|g 330.00
|l 0
|o 954.9205 GRA
|p 3010034489
|r 2019-03-28
|t 4
|v 330.00
|w 2019-03-28
|y BK
|
| 952 |
|
|
|0 0
|1 0
|2 ddc
|4 0
|6 954_920500000000000_GRA
|7 0
|9 65351
|a BRACUL
|b BRACUL
|c BNC
|d 2019-03-28
|e দি ইউনিভার্সিটি প্রেস লিমিটেড
|g 330.00
|l 0
|o 954.9205 GRA
|p 3010034490
|r 2019-03-28
|t 5
|v 330.00
|w 2019-03-28
|y BK
|
| 952 |
|
|
|0 0
|1 0
|2 ddc
|4 0
|6 954_920500000000000_GRA
|7 0
|9 65387
|a BRACUL
|b BRACUL
|c BNC
|d 2019-04-23
|e দি ইউনিভার্সিটি প্রেস লিমিটেড
|g 330.00
|l 0
|o 954.9205 GRA
|p 3010034599
|r 2019-04-23
|t 6
|v 440.00
|w 2019-04-23
|y BK
|
| 952 |
|
|
|0 0
|1 0
|2 ddc
|4 0
|6 954_920500000000000_GRA
|7 0
|9 65388
|a BRACUL
|b BRACUL
|c BNC
|d 2019-04-23
|e দি ইউনিভার্সিটি প্রেস লিমিটেড
|g 330.00
|l 0
|o 954.9205 GRA
|p 3010034600
|r 2019-04-23
|t 7
|v 440.00
|w 2019-04-23
|y BK
|
| 952 |
|
|
|0 0
|1 0
|2 ddc
|4 0
|6 954_920500000000000_GRA
|7 0
|9 65389
|a BRACUL
|b BRACUL
|c BNC
|d 2019-04-23
|e দি ইউনিভার্সিটি প্রেস লিমিটেড
|g 330.00
|l 2
|m 28
|o 954.9205 GRA
|p 3010034601
|r 2022-05-31
|s 2022-04-06
|t 8
|v 440.00
|w 2019-04-23
|y BK
|
| 952 |
|
|
|0 0
|1 0
|2 ddc
|4 0
|6 954_920500000000000_GRA
|7 0
|9 65390
|a BRACUL
|b BRACUL
|c BNC
|d 2019-04-23
|e দি ইউনিভার্সিটি প্রেস লিমিটেড
|g 330.00
|l 0
|o 954.9205 GRA
|p 3010034602
|r 2019-04-23
|t 9
|v 440.00
|w 2019-04-23
|y BK
|
| 952 |
|
|
|0 0
|1 0
|2 ddc
|4 0
|6 954_920500000000000_GRA
|7 0
|9 65391
|a BRACUL
|b BRACUL
|c BNC
|d 2019-04-23
|e দি ইউনিভার্সিটি প্রেস লিমিটেড
|g 330.00
|l 1
|o 954.9205 GRA
|p 3010034603
|r 2025-01-05
|s 2025-01-02
|t 10
|v 440.00
|w 2019-04-23
|y BK
|
| 952 |
|
|
|0 0
|1 0
|2 ddc
|4 0
|6 954_920500000000000_GRA
|7 0
|9 65392
|a BRACUL
|b BRACUL
|c BNC
|d 2019-04-23
|e The University Press Limited
|g 330.00
|l 4
|m 6
|o 954.9205 GRA
|p 3010034606
|r 2026-01-21
|s 2025-12-29
|t 13
|v 440.00
|w 2019-04-23
|y BK
|
| 952 |
|
|
|0 0
|1 0
|2 ddc
|4 0
|6 954_920500000000000_GRA
|7 0
|9 65393
|a BRACUL
|b BRACUL
|c BNC
|d 2019-04-23
|e The University Press Limited
|g 330.00
|l 0
|o 954.9205 GRA
|p 3010034604
|r 2019-04-23
|t 11
|v 440.00
|w 2019-04-23
|y BK
|
| 952 |
|
|
|0 0
|1 0
|2 ddc
|4 0
|6 954_920500000000000_GRA
|7 0
|9 65394
|a BRACUL
|b BRACUL
|c BNC
|d 2019-04-23
|e The University Press Limited
|g 330.00
|l 0
|o 954.9205 GRA
|p 3010034605
|r 2019-04-23
|t 12
|v 440.00
|w 2019-04-23
|y BK
|
| 952 |
|
|
|0 0
|1 0
|2 ddc
|4 0
|6 954_920500000000000_GRA
|7 0
|9 65395
|a BRACUL
|b BRACUL
|c BNC
|d 2019-04-23
|e The University Press Limited
|g 330.00
|l 0
|o 954.9205 GRA
|p 3010034608
|r 2019-04-23
|t 15
|v 440.00
|w 2019-04-23
|y BK
|
| 952 |
|
|
|0 0
|1 0
|2 ddc
|4 0
|6 954_920500000000000_GRA
|7 0
|9 65396
|a BRACUL
|b BRACUL
|c BNC
|d 2019-04-23
|e The University Press Limited
|g 330.00
|l 2
|m 10
|o 954.9205 GRA
|p 3010034607
|q 2026-06-02
|r 2026-02-24
|s 2026-02-24
|t 14
|v 440.00
|w 2019-04-23
|y BK
|
| 952 |
|
|
|0 0
|1 0
|2 ddc
|4 0
|6 954_920500000000000_GRA
|7 0
|9 67922
|a IGS
|b IGS
|c GEN
|d 2020-02-10
|e Rokomari.com
|g 374.00
|l 0
|o 954.9205 GRA
|p 3010036994
|r 2020-02-10
|t 17
|v 374.00
|w 2020-02-10
|y BK
|x This property belongs to Ayesha Abed Library
|
| 952 |
|
|
|0 0
|1 0
|2 ddc
|4 0
|6 954_920500000000000_GRA
|7 0
|9 67923
|a IGS
|b IGS
|c GEN
|d 2020-02-10
|e Rokomari.com
|g 374.00
|l 0
|o 954.9205 GRA
|p 3010036993
|r 2020-02-10
|t 16
|v 374.00
|w 2020-02-10
|y BK
|x This property belongs to Ayesha Abed Library
|
| 952 |
|
|
|0 0
|1 0
|2 ddc
|4 0
|6 954_920500000000000_GRA
|7 0
|9 71544
|a SCL
|b SCL
|c GEN
|d 2022-08-03
|e Book Finder International
|g 353.95
|l 2
|m 7
|o 954.9205 GRA
|p 3020039493
|r 2025-04-18
|s 2025-02-11
|t 18
|v 0.00
|w 2022-08-03
|y BK
|
| 952 |
|
|
|0 0
|1 0
|2 ddc
|4 0
|6 954_920500000000000_GRA
|7 0
|9 78838
|a BRACUL
|b BRACUL
|c BNC
|d 2026-03-05
|e Book Finder International
|g 330.00
|l 0
|o 954.9205 GRA
|p 3010045434
|r 2026-03-05
|t 19
|v 660.00
|w 2026-03-05
|y BK
|x Requisitioned by Sabreena Ahmed, PhD (Assistant Professor, Department of English and Humanities, BRAC University) for the course named- The Modern World ''(HST 102)'' & Comparative Revaluations ''(HST 202)''
|